A HOT! Magazin olvasóinak hirdetésekkel kapcsolatos attitűdjei

Bibliográfiai részletek
Szerző: Orosz Flóra
További közreműködők: Hlédik Dr. Erika
Dokumentumtípus: Diplomadolgozat
Kulcsszavak:HOT! Magazin
Tömegkommunikáció
Lappiac
Hirdetési piac
Magyarország
Online Access:http://dolgozattar.uni-bge.hu/3841

MARC

LEADER 00000nta a2200000 i 4500
001 dolg3841
005 20160906093146.0
008 151207suuuu hu om 000 hun d
040 |a BGE Dolgozattár Repozitórium  |b hun 
041 |a hu 
100 1 |a Orosz Flóra 
245 1 2 |a A HOT! Magazin olvasóinak hirdetésekkel kapcsolatos attitűdjei  |c Orosz Flóra  |h [elektronikus dokumentum] 
246 1 1 |a - 
695 |a HOT! Magazin 
695 |a Tömegkommunikáció 
695 |a Lappiac 
695 |a Hirdetési piac 
695 |a Magyarország 
700 1 |a Hlédik Dr. Erika  |e ths 
856 4 0 |u http://dolgozattar.uni-bge.hu/3841/1/szakdolgozat_OroszFl%C3%B3ra.pdf.pdf  |z Dokumentum-elérés